Natural english pre - intermediate workbook

Guardado en:
Detalles Bibliográficos
Autor principal: Scott, Lyn
Otros Autores: Scott, David
Formato: Libro
Publicado: Oxford Oxford Univ. Press 2005
Materias:
Etiquetas: Agregar Etiqueta
Sin Etiquetas, Sea el primero en etiquetar este registro!
Thư viện lưu trữ: Trung tâm Học liệu Lê Vũ Hùng, Trường Đại học Đồng Tháp
LEADER 00777pam a22002778a 4500
001 00027907
005 20171026081022.0
008 111221s2005 ||||||Engsd
020 # # |a 0-19-438863-8 
041 0 # |a Eng 
082 1 4 |a 428  |b N110E 
100 1 # |a Scott, Lyn 
245 1 0 |b pre - intermediate workbook  |a Natural english  |c Lyn Scott, David Scott 
260 # # |a Oxford  |b Oxford Univ. Press  |c 2005 
300 # # |a 71p.  |b ill.  |c 28cm. 
650 # 4 |a Tiếng Anh  |x Ngữ pháp 
653 # # |a Anh ngữ thực hành 
700 1 # |a Scott, David 
852 # # |b Kho đọc  |j KD.0012336 
852 # # |j KD.0012336 
910 0 # |d 21/12/2011 
980 # # |a Trung tâm Học liệu Lê Vũ Hùng, Trường Đại học Đồng Tháp